000 02384nam0a2200457 4500
001 RU\NLR\BIBL_A\011958993
005 20250809113237.0
020 _aRU
_9Ленинград в Великой Отечественной войне. Коллекция. Афиши
035 _a(NLR Aleph) 011958993
090 _a65498
_c65498
100 _a20190313d1944 u y0rusy50 ca
101 0 _arus
102 _aRU
105 _ay z 000zy
135 _acrcn 024anaba
200 1 _aСпектакли для детей, апрель [1944 г.]
_e[афиша]
_fУправление по делам искусств Исполкома Ленгорсовета, Ленинградский Государственный Театр кукол
210 _a[Ленинград]
_cЛТ УН-1
_d[1944]
215 _a1 л.
_d36х40
300 _aЗаказ 1357
325 _aКопия доступна в Электрон. б-ке РНБ
327 _aШелковая кисточка, Аладдин и Волшебная лампа, Илья Муромец. Директор и художественный руководитель С. Шапиро
606 1 _aТеатральная жизнь
_yЛенинград, город
_z1941 - 1944
_jАфиши
_2nlr_sh2
_3RU\NLR\AUTH\6601649837
686 _aЩ333(2Р=Рус)7- 692Ленинград
710 0 2 _aЛенинградский театр кукол
_3RU\NLR\AUTH\889922815
852 _aNLR
_jЛ3-330а/27/1/[1944]-апрель
856 0 _uhttp://vivaldi.nlr.ru/la700000013/view
856 1 _uhttp://vivaldi.nlr.ru/la700000013/cover
856 2 _uhttp://vivaldi.nlr.ru/la700000013/text
942 _cVISUAL
945 _aРоссийская национальная библиотека
980 _aNB
980 _aBV
980 3 _akplen
980 3 _akp
981 3 7 _a(37) Ленинград в Великой Отечественной войне
_b(37) Афиши блокадного Ленинграда